000 00652 a2200205 4500
010 _aENG-85277
020 _c125.00
_a8176211672
035 _aEN-68810
037 _bD.B.Act / Pub
082 1 4 _a150
090 _c2149
_d2149
100 1 _aHanh, Thich Nhat
245 1 _aTeaching on love
_cThich Nhat Hanh
260 _aNew Delhi
_bFull Circle Publishing
_c2005
270 _aJ-40, Jor Bagh
_bNew Delhi
_cDelhi
_e110003
_k24620063
_l24645795
_mfullcircle@vsnl.com
300 _a183 p. :
_c20.5 cm. (Pbk)
650 0 _aLove
942 _adpl
_cEN
_k150 / HAN
999 _c2109
_d2109